|
|
|
|
| LEADER |
01163nam a2200301 i 4500 |
| 001 |
28818 |
| 003 |
BD-DhAAL |
| 005 |
20150110121426.0 |
| 008 |
150110r19781898nyuaf b 000 0 eng |
| 010 |
|
|
|a 77148320
|
| 020 |
|
|
|a 0404089208
|
| 040 |
|
|
|a DLC
|c DLC
|d DLC
|d BD-DhAAL
|
| 050 |
1 |
0 |
|a PR4174
|b .B2 1978b
|
| 082 |
0 |
0 |
|a 823/.8/09
|
| 100 |
1 |
|
|a Brontë, Patrick,
|d 1777-1861.
|9 7294
|
| 245 |
1 |
0 |
|a Brontëana :
|b Rev. Patrick Brontë's collected works.
|
| 250 |
|
|
|a [1st AMS ed.]
|
| 260 |
|
|
|a New York :
|b AMS Press,
|c [1978]
|
| 300 |
|
|
|a 304 p., [3] leaves of plates :
|b ill. ;
|c 18 cm.
|
| 500 |
|
|
|a Reprint of the 1898 ed. printed for the editor by T. Harrison, Bingley, Eng.
|
| 504 |
|
|
|a Includes bibliographies.
|
| 541 |
|
|
|e 28818
|
| 600 |
3 |
0 |
|a Brontë family.
|9 7295
|
| 600 |
1 |
0 |
|a Brontë, Patrick,
|d 1777-1861.
|9 7296
|
| 650 |
|
0 |
|a Authors, English
|y 19th century
|x Biography.
|9 7297
|
| 942 |
|
|
|2 ddc
|c BK
|
| 999 |
|
|
|c 33443
|d 33443
|
| 952 |
|
|
|0 0
|1 0
|2 ddc
|4 0
|6 823_809000000000000_BRO
|7 0
|9 44702
|a BRACUL
|b BRACUL
|c GEN
|d 2015-01-10
|e BRAC Institute of Language (BIL)
|l 0
|o 823.809 BRO
|p 3010028818
|r 2015-01-10
|t 1
|w 2015-01-10
|y BK
|x Transferred from BIL to BRACUL on 06/06/22
|